000 00944nam a2200265Ia 4500
003 OSt
005 20221005105205.0
006 a|||||r|||| 00| 0
007 ta
008 221004b |||||||| |||| 00| 0 hin d
020 _a8179751007
_c3600
024 _a81502
037 _b578, 30/03/2005, Eastern Book Linkers
_cTextual
040 _aCRL
_cCRL
_bhin
041 _2hin
_ahin
082 _aO152:gn2,N58, P5.1-.4
100 _aशर्मा, राजनाथ, संपा.
245 0 _aसमालोचक
246 _aSamālochaka
260 _aनई दिल्ली
_bअनामिका पब्लिशर्स भारत
_c2005
490 _vभाग 2
650 _aहिन्दी साहित्य
942 _hO152:gn2,N58, P5.1-.4
_cTEXL
_2cc
999 _c1015055
_d1015055